[Event "19. Open de Sants Hostafrancs 2017"]
[Site "Barcelona ESP"]
[Date "2017.08.19"]
[Round "2.56"]
[White "Fernandez Diaz, Cristian"]
[Black "Tsolakidou, Stavroula"]
[Result "1-0"]
[WhiteElo "2153"]
[BlackElo "2366"]
[PlyCount "115"]
[EventDate "2017.08.18"]
[EventType "swiss"]
[EventRounds "10"]
[EventCountry "ESP"]
[SourceTitle "Ajedrez en Madrid"]
[Source "lmi"]
[SourceDate "2017.08.18"]

1. d4 Nf6 2. c4 e6 3. Nc3 Bb4 4. e3 O-O 5. Nge2 c6 6. a3 Ba5 7. Ng3 d5 8. Bd3
Nbd7 9. O-O dxc4 10. Bxc4 e5 11. Ba2 exd4 12. exd4 Bc7 13. Qc2 Nb6 14. Re1 Nfd5
15. Bd2 Nxc3 16. bxc3 Nd5 17. Rad1 Be6 18. c4 Nf6 19. Bg5 h6 20. d5 Bg4 21.
dxc6 Bxd1 22. Rxd1 Qe7 23. cxb7 Rad8 24. Bxf6 Qxf6 25. Rb1 Qe5 26. c5 Rd4 27.
c6 Rfd8 28. Nf1 Re4 29. Qb3 Rf8 30. g3 Re2 31. Ne3 Qf6 32. Rf1 Qxc6 33. Nd5 Bb8
34. Qf3 Qc2 35. Bb1 Qd2 36. Nf6+ Kh8 37. Ne4 Qb2 38. Bd3 Rc2 39. Bxc2 Qxc2 40.
Rd1 Qc6 41. Nd2 Qc5 42. Nf1 f5 43. Rd3 Qb6 44. Rc3 Qe6 45. Ne3 f4 46. Nf1 Be5
47. Rc2 Bd6 48. Rc6 Qe7 49. Rc8 Bb8 50. a4 g6 51. Nd2 Kh7 52. Qe4 Kg7 53. Rxf8
Qxf8 54. Nf3 Qc5 55. gxf4 a5 56. Ne5 Qd6 57. Qd3 Qxd3 58. Nxd3 1-0

[Event "19. Open de Sants Hostafrancs 2017"]
[Site "Barcelona ESP"]
[Date "2017.08.19"]
[Round "2.57"]
[White "Vidal Zamora, Alex"]
[Black "Valencia Jimenez, Jose"]
[Result "1-0"]
[WhiteElo "2365"]
[BlackElo "2162"]
[PlyCount "71"]
[EventDate "2017.08.18"]
[EventType "swiss"]
[EventRounds "10"]
[EventCountry "ESP"]
[SourceTitle "Ajedrez en Madrid"]
[Source "lmi"]
[SourceDate "2017.08.18"]

1. d4 g6 2. e4 Bg7 3. Nc3 c6 4. f4 d5 5. e5 Nh6 6. Nf3 Bg4 7. h3 Bxf3 8. Qxf3
Nf5 9. Be3 Nxe3 10. Qxe3 O-O 11. O-O-O f6 12. g4 fxe5 13. dxe5 Qb6 14. Qg3 g5
15. fxg5 Nd7 16. e6 Ne5 17. Be2 Nf3 18. Bxf3 Bxc3 19. bxc3 Qe3+ 20. Kb2 Rxf3
21. Qe1 Qxg5 22. Rf1 Raf8 23. Rxf3 Rxf3 24. Rd3 Rf6 25. Re3 Qf4 26. Re5 h6 27.
Re3 Qf2 28. Qc1 Qf4 29. Qe1 Qc4 30. Rd3 Rf4 31. g5 hxg5 32. Qe5 Qb5+ 33. Kc1
Rf1+ 34. Kd2 d4 35. Qxb5 dxc3+ 36. Ke2 1-0

[Event "19. Open de Sants Hostafrancs 2017"]
[Site "Barcelona ESP"]
[Date "2017.08.19"]
[Round "2.58"]
[White "Kubicki, Marek"]
[Black "Grafl, Florian"]
[Result "0-1"]
[WhiteElo "2151"]
[BlackElo "2364"]
[PlyCount "73"]
[EventDate "2017.08.18"]
[EventType "swiss"]
[EventRounds "10"]
[EventCountry "ESP"]
[SourceTitle "Ajedrez en Madrid"]
[Source "lmi"]
[SourceDate "2017.08.18"]

1. d4 b6 2. e4 Bb7 3. Bd3 Nf6 4. Qe2 e6 5. Nf3 d5 6. e5 Nfd7 7. O-O c5 8. c3
Be7 9. a3 c4 10. Bc2 b5 11. Re1 a5 12. Nbd2 Nc6 13. Nf1 h5 14. Qe3 Nb6 15. Ng5
Bxg5 16. Qxg5 Qxg5 17. Bxg5 b4 18. Re3 b3 19. Bd1 Na4 20. Rb1 Na7 21. Rh3 Nb5
22. g4 Naxc3 23. bxc3 Nxa3 24. Rb2 a4 25. gxh5 Nc2 26. Nd2 a3 27. Bxc2 bxc2 28.
Rxc2 a2 29. Rxa2 Rxa2 30. Kf1 Bc6 31. h6 gxh6 32. Bf6 Rg8 33. Ke2 Rg6 34. Ke3
Rc2 35. Ke2 Ba4 36. Re3 Ra2 37. h4 0-1

[Event "19. Open de Sants Hostafrancs 2017"]
[Site "Barcelona ESP"]
[Date "2017.08.19"]
[Round "2.59"]
[White "Debray, Christopher"]
[Black "Orteu Capdevila, Max"]
[Result "1-0"]
[WhiteElo "2358"]
[BlackElo "2161"]
[PlyCount "83"]
[EventDate "2017.08.18"]
[EventType "swiss"]
[EventRounds "10"]
[EventCountry "ESP"]
[SourceTitle "Ajedrez en Madrid"]
[Source "lmi"]
[SourceDate "2017.08.18"]

1. e4 c5 2. Na3 g6 3. Nf3 Bg7 4. c3 d6 5. d4 Nf6 6. Bd3 Nc6 7. d5 Nb8 8. h3 O-O
9. O-O a6 10. c4 e6 11. Re1 exd5 12. exd5 Nh5 13. Bg5 Bf6 14. Qd2 Nd7 15. Bh6
Re8 16. Rxe8+ Qxe8 17. Re1 Ne5 18. Nxe5 Bxe5 19. g4 Ng7 20. Bf4 f6 21. Bxe5
fxe5 22. f4 Qd8 23. fxe5 Qh4 24. Bf1 h5 25. e6 hxg4 26. Qf2 g3 27. Qf7+ Kh8 28.
Nc2 b5 29. Qxg6 bxc4 30. Re4 Qh7 31. Qxh7+ Kxh7 32. Bxc4 Bb7 33. Rh4+ Kg6 34.
Ne3 Nh5 35. Bd3+ Kg5 36. Rg4+ Kf6 37. Bg6 Nf4 38. Rxf4+ Kxg6 39. Kg2 Rh8 40.
Rf7 Ba8 41. Kxg3 Rh5 42. Rf8 1-0

[Event "19. Open de Sants Hostafrancs 2017"]
[Site "Barcelona ESP"]
[Date "2017.08.19"]
[Round "2.60"]
[White "Valls Marti, Artur"]
[Black "Plazuelo Pascual, Juan"]
[Result "0-1"]
[WhiteElo "2145"]
[BlackElo "2356"]
[PlyCount "42"]
[EventDate "2017.08.18"]
[EventType "swiss"]
[EventRounds "10"]
[EventCountry "ESP"]
[SourceTitle "Ajedrez en Madrid"]
[Source "lmi"]
[SourceDate "2017.08.18"]

1. c4 e6 2. g3 d5 3. Bg2 Nf6 4. Nf3 dxc4 5. O-O a6 6. a4 Nc6 7. Qc2 e5 8. Na3
Bxa3 9. Rxa3 Be6 10. Ng5 Bd5 11. Bxd5 Qxd5 12. d3 cxd3 13. Rxd3 Nd4 14. Qd1
O-O-O 15. e3 Ne2+ 16. Qxe2 Qxd3 17. Qxd3 Rxd3 18. Nxf7 Re8 19. Ng5 h6 20. Nf3
Red8 21. e4 Rxf3 0-1

[Event "19. Open de Sants Hostafrancs 2017"]
[Site "Barcelona ESP"]
[Date "2017.08.19"]
[Round "2.61"]
[White "Martin, Julian"]
[Black "Garcia Martinez, Marcos"]
[Result "1-0"]
[WhiteElo "2353"]
[BlackElo "2152"]
[PlyCount "105"]
[EventDate "2017.08.18"]
[EventType "swiss"]
[EventRounds "10"]
[EventCountry "ESP"]
[SourceTitle "Ajedrez en Madrid"]
[Source "lmi"]
[SourceDate "2017.08.18"]

1. e4 e6 2. d4 d5 3. Nc3 Nf6 4. e5 Nfd7 5. f4 c5 6. Nf3 Nc6 7. Be3 Qb6 8. Na4
Qa5+ 9. c3 cxd4 10. b4 Nxb4 11. cxb4 Bxb4+ 12. Bd2 Bxd2+ 13. Nxd2 b6 14. Bd3
Ba6 15. Nb2 Nc5 16. Bxa6 Qxa6 17. Nb3 O-O 18. Qe2 d3 19. Nxc5 bxc5 20. Nxd3 c4
21. Nf2 Qa5+ 22. Qd2 c3 23. Qd3 f6 24. O-O fxe5 25. fxe5 Qc5 26. Rac1 Rac8 27.
Rc2 Rf5 28. Qg3 Qd4 29. Rd1 Rxe5 30. h3 Qe3 31. Qxe3 Rxe3 32. Rd3 Re1+ 33. Kh2
Ra1 34. Nd1 Rxa2 35. Rxa2 c2 36. Rxc2 Rxc2 37. Ne3 Rc7 38. Kg3 Kf7 39. Kf4 Kf6
40. Rxd5 Rc4+ 41. Nxc4 exd5 42. Ne3 g5+ 43. Kg4 d4 44. Nc4 Ke6 45. Kxg5 Kd5 46.
Nb2 Ke4 47. Kh6 a5 48. Kxh7 d3 49. g4 d2 50. g5 Ke3 51. g6 a4 52. g7 a3 53.
Nc4+ 1-0

[Event "19. Open de Sants Hostafrancs 2017"]
[Site "Barcelona ESP"]
[Date "2017.08.19"]
[Round "2.62"]
[White "Stephan, Victor"]
[Black "Storme, Isak"]
[Result "1-0"]
[WhiteElo "2350"]
[BlackElo "2146"]
[PlyCount "57"]
[EventDate "2017.08.18"]
[EventType "swiss"]
[EventRounds "10"]
[EventCountry "ESP"]
[SourceTitle "Ajedrez en Madrid"]
[Source "lmi"]
[SourceDate "2017.08.18"]

1. d4 Nf6 2. c4 e6 3. Nc3 c5 4. d5 exd5 5. cxd5 d6 6. e4 g6 7. f4 Bg7 8. Bb5+
Nfd7 9. Nf3 a6 10. Bd3 b5 11. O-O O-O 12. Kh1 Re8 13. a3 Nf6 14. f5 b4 15. axb4
cxb4 16. Ne2 Nxe4 17. Bxe4 Rxe4 18. Ng5 Re8 19. Nd4 Bf6 20. fxg6 hxg6 21. Nxf7
Kxf7 22. Bg5 Bf5 23. Rxf5 gxf5 24. Qh5+ Kf8 25. Nxf5 Ra7 26. Qh6+ Kf7 27. Qh7+
Kf8 28. Bh6+ Rg7 29. Nxg7 1-0

[Event "19. Open de Sants Hostafrancs 2017"]
[Site "Barcelona ESP"]
[Date "2017.08.19"]
[Round "2.63"]
[White "Meza Ponce, Jerry"]
[Black "Pogorelov, Ruslan"]
[Result "0-1"]
[WhiteElo "2144"]
[BlackElo "2348"]
[PlyCount "56"]
[EventDate "2017.08.18"]
[EventType "swiss"]
[EventRounds "10"]
[EventCountry "ESP"]
[SourceTitle "Ajedrez en Madrid"]
[Source "lmi"]
[SourceDate "2017.08.18"]

1. d4 Nf6 2. Bf4 e6 3. e3 b6 4. Nf3 Bb7 5. Be2 Be7 6. h3 O-O 7. O-O d6 8. a4 a6
9. Re1 c5 10. c3 Nc6 11. Na3 d5 12. Ne5 Nxe5 13. dxe5 Nd7 14. e4 dxe4 15. Nc4
Qc7 16. Nd6 Bxd6 17. Qxd6 Qxd6 18. exd6 Bd5 19. c4 Bc6 20. a5 Rfb8 21. Bd2 b5
22. cxb5 axb5 23. b4 c4 24. Bc3 Ra6 25. Rad1 f6 26. f3 exf3 27. gxf3 Bd5 28. f4
g6 0-1

[Event "19. Open de Sants Hostafrancs 2017"]
[Site "Barcelona ESP"]
[Date "2017.08.19"]
[Round "2.64"]
[White "Cruz, Filemon"]
[Black "Torres Boch, Jose F"]
[Result "1/2-1/2"]
[WhiteElo "2344"]
[BlackElo "2144"]
[PlyCount "69"]
[EventDate "2017.08.18"]
[EventType "swiss"]
[EventRounds "10"]
[EventCountry "ESP"]
[SourceTitle "Ajedrez en Madrid"]
[Source "lmi"]
[SourceDate "2017.08.18"]

1. c4 Nf6 2. Nc3 b6 3. e4 e5 4. Nf3 Nc6 5. Be2 Bc5 6. a3 d6 7. d3 h6 8. b4 Bd4
9. Bb2 a5 10. b5 Bxc3+ 11. Bxc3 Ne7 12. O-O Ng6 13. Ne1 Nf4 14. Nc2 h5 15. f3
h4 16. Kf2 N6h5 17. Rg1 Rh6 18. Ne3 Rg6 19. Ke1 Qg5 20. Kd2 Ne6 21. Re1 Qf4 22.
Bf1 Qxh2 23. Kc1 Nhf4 24. Kb1 Nd4 25. Ra2 Qg3 26. Bxd4 exd4 27. Nd5 Nxd5 28.
exd5+ Kf8 29. Rae2 Bd7 30. Re7 Re8 31. Rxe8+ Bxe8 32. Qe2 Qe5 33. Qf2 Qf6 34.
Re4 Rh6 35. Kc2 1/2-1/2

[Event "19. Open de Sants Hostafrancs 2017"]
[Site "Barcelona ESP"]
[Date "2017.08.19"]
[Round "2.65"]
[White "Benet Morant, Damia"]
[Black "Morales, Jhon Alexander"]
[Result "0-1"]
[WhiteElo "2140"]
[BlackElo "2343"]
[PlyCount "84"]
[EventDate "2017.08.18"]
[EventType "swiss"]
[EventRounds "10"]
[EventCountry "ESP"]
[SourceTitle "Ajedrez en Madrid"]
[Source "lmi"]
[SourceDate "2017.08.18"]

1. d4 b6 2. Nf3 Bb7 3. g3 e6 4. Bg2 Nf6 5. O-O c5 6. c4 cxd4 7. Qxd4 d6 8. Nc3
a6 9. Rd1 Be7 10. b3 Nbd7 11. Bb2 Qc7 12. Ng5 Bxg2 13. Kxg2 Rd8 14. f3 O-O 15.
Rac1 Qb8 16. h4 Rfe8 17. b4 Bf8 18. Nge4 Nxe4 19. Nxe4 Ne5 20. a3 f6 21. Qc3
Qb7 22. Qb3 Kh8 23. Nf2 Rc8 24. h5 h6 25. Nd3 Nxd3 26. Rxd3 Rc6 27. Rd4 Rec8
28. Rcd1 e5 29. Rg4 Qf7 30. Qe3 Rxc4 31. Rxc4 Rxc4 32. g4 Rc2 33. Rd2 Qc4 34.
Rxc2 Qxc2 35. Qe4 Qxb2 36. Qa8 Qxe2+ 37. Kg3 Qe1+ 38. Kh3 Kg8 39. Qd5+ Kh7 40.
Qf7 Qf2 41. Qxf8 Qxf3+ 42. Kh4 Qg2 0-1

[Event "19. Open de Sants Hostafrancs 2017"]
[Site "Barcelona ESP"]
[Date "2017.08.20"]
[Round "3.1"]
[White "Jumabayev, Rinat"]
[Black "Quirhuayo Chumbe, German Gonza"]
[Result "1-0"]
[WhiteElo "2610"]
[BlackElo "2397"]
[PlyCount "91"]
[EventDate "2017.08.18"]
[EventType "swiss"]
[EventRounds "10"]
[EventCountry "ESP"]
[SourceTitle "Ajedrez en Madrid"]
[Source "lmi"]
[SourceDate "2017.08.18"]

1. Nf3 Nf6 2. g3 g6 3. Bg2 Bg7 4. O-O O-O 5. d4 d6 6. c4 Nc6 7. Nc3 a6 8. Bf4
Rb8 9. Rc1 h6 10. h3 g5 11. Bd2 g4 12. hxg4 Nxg4 13. Nd5 f5 14. Bc3 e6 15. Nf4
Ne7 16. Nh2 Nf6 17. Qd3 Qe8 18. b4 Ng6 19. Nxg6 Qxg6 20. Nf3 Bd7 21. Nh4 Qh5
22. Bf3 Ng4 23. Kg2 Rf6 24. e3 b6 25. b5 a5 26. Qe2 Rf7 27. Rh1 Re8 28. Nxf5
Qxh1+ 29. Rxh1 exf5 30. Bd5 Be6 31. Bxe6 Rxe6 32. Qd3 Nf6 33. Qxf5 Ree7 34. Qd3
d5 35. cxd5 Nxd5 36. Bd2 Rd7 37. Rh5 Nf6 38. Rf5 Rfe7 39. Qc4+ Kh8 40. f3 Ne8
41. Qd3 Kg8 42. Bc3 Nd6 43. Rd5 Nf7 44. Rxd7 Rxd7 45. Qc4 Kf8 46. e4 1-0

[Event "19. Open de Sants Hostafrancs 2017"]
[Site "Barcelona ESP"]
[Date "2017.08.20"]
[Round "3.2"]
[White "Oblitas, Carlomagno"]
[Black "Oparin, Grigoriy"]
[Result "1/2-1/2"]
[WhiteElo "2397"]
[BlackElo "2609"]
[PlyCount "118"]
[EventDate "2017.08.18"]
[EventType "swiss"]
[EventRounds "10"]
[EventCountry "ESP"]
[SourceTitle "Ajedrez en Madrid"]
[Source "lmi"]
[SourceDate "2017.08.18"]

1. d4 Nf6 2. Nf3 b6 3. Bg5 Bb7 4. Bxf6 gxf6 5. g3 c5 6. c3 e6 7. Bg2 Bg7 8. Nh4
d5 9. dxc5 Nc6 10. c4 dxc4 11. Qa4 Rc8 12. Na3 O-O 13. Rd1 Qc7 14. O-O Na5 15.
Nxc4 Bxg2 16. Nxg2 Nxc4 17. Qxc4 Qxc5 18. Qxc5 Rxc5 19. Ne3 Ra5 20. a3 f5 21.
Rd7 Rc8 22. Rfd1 Bxb2 23. Rd8+ Rxd8 24. Rxd8+ Kg7 25. Nc4 Bf6 26. Nxa5 Bxd8 27.
Nc6 Bc7 28. Nxa7 Kf6 29. Nb5 Bb8 30. f4 Ke7 31. Kf2 Kd7 32. Ke3 Kc6 33. Nd4+
Kd5 34. Kd3 Bd6 35. a4 Be7 36. Nb3 Bb4 37. e3 Be1 38. Nd4 Ba5 39. Nf3 f6 40.
Nd4 Bb4 41. Nb5 Be7 42. h3 e5 43. Nc3+ Kc5 44. fxe5 fxe5 45. e4 fxe4+ 46. Kxe4
Kc4 47. Nd5 Bc5 48. g4 Kb3 49. g5 Kxa4 50. Nf6 b5 51. Nxh7 b4 52. g6 b3 53. g7
b2 54. g8=Q b1=Q+ 55. Kxe5 Qa1+ 56. Kf5 Qf1+ 57. Kg6 Qxh3 58. Qc4+ Bb4 59. Nf6
Qc3 1/2-1/2

[Event "19. Open de Sants Hostafrancs 2017"]
[Site "Barcelona ESP"]
[Date "2017.08.20"]
[Round "3.3"]
[White "Mascaro March, Pedro"]
[Black "Vocaturo, Daniele"]
[Result "1/2-1/2"]
[WhiteElo "2387"]
[BlackElo "2596"]
[PlyCount "49"]
[EventDate "2017.08.18"]
[EventType "swiss"]
[EventRounds "10"]
[EventCountry "ESP"]
[SourceTitle "Ajedrez en Madrid"]
[Source "lmi"]
[SourceDate "2017.08.18"]

1. d4 e6 2. Nf3 Nf6 3. c4 Bb4+ 4. Nbd2 O-O 5. a3 Be7 6. e3 b6 7. Be2 Bb7 8. O-O
c5 9. b3 d6 10. Bb2 Nbd7 11. b4 Rc8 12. dxc5 dxc5 13. b5 Qc7 14. Qc2 Rfe8 15.
h3 Bf8 16. Ng5 h6 17. Nge4 Nxe4 18. Nxe4 f5 19. Nd2 g6 20. Qc3 e5 21. Bf3 Bg7
22. Bxb7 Qxb7 23. e4 Nf8 24. Qc2 f4 25. Nf3 1/2-1/2

[Event "19. Open de Sants Hostafrancs 2017"]
[Site "Barcelona ESP"]
[Date "2017.08.20"]
[Round "3.4"]
[White "Heimann, Andreas"]
[Black "Konguvel, Ponnuswamy"]
[Result "1/2-1/2"]
[WhiteElo "2591"]
[BlackElo "2383"]
[PlyCount "45"]
[EventDate "2017.08.18"]
[EventType "swiss"]
[EventRounds "10"]
[EventCountry "ESP"]
[SourceTitle "Ajedrez en Madrid"]
[Source "lmi"]
[SourceDate "2017.08.18"]

1. c4 g6 2. e4 c5 3. Nf3 Nc6 4. d4 cxd4 5. Nxd4 Nf6 6. Nc3 d6 7. Be2 Nxd4 8.
Qxd4 Bg7 9. Be3 O-O 10. Qd2 Be6 11. Rc1 a5 12. f3 a4 13. Nb5 Qa5 14. Rc2 Rfc8
15. Qxa5 Rxa5 16. Kd2 Nd7 17. Nd4 Nc5 18. Nxe6 Nxe6 19. Rb1 Bd4 20. f4 Bxe3+
21. Kxe3 Nc5 22. Rd2 Ra6 23. Rc1 1/2-1/2

[Event "19. Open de Sants Hostafrancs 2017"]
[Site "Barcelona ESP"]
[Date "2017.08.20"]
[Round "3.5"]
[White "Flick, Antoine"]
[Black "Tari, Aryan"]
[Result "0-1"]
[WhiteElo "2371"]
[BlackElo "2591"]
[PlyCount "130"]
[EventDate "2017.08.18"]
[EventType "swiss"]
[EventRounds "10"]
[EventCountry "ESP"]
[SourceTitle "Ajedrez en Madrid"]
[Source "lmi"]
[SourceDate "2017.08.18"]

1. d4 d5 2. Nf3 Nf6 3. c4 e6 4. g3 g6 5. Bg2 Bg7 6. O-O O-O 7. Qc2 Na6 8. a3 b6
9. Rd1 Bb7 10. cxd5 exd5 11. Nc3 Rc8 12. Bf4 c5 13. Bh3 Ra8 14. Be5 c4 15. b3
Bc8 16. Bg2 Bf5 17. Qb2 cxb3 18. Qxb3 Rc8 19. Rac1 Nc7 20. Qa4 a6 21. Qb4 Bh6
22. e3 Ng4 23. a4 Ne8 24. h3 Nxe5 25. dxe5 Be6 26. Ne2 Ng7 27. g4 Rxc1 28. Rxc1
Bd7 29. Rd1 a5 30. Qb3 Ne6 31. Nc3 Nc5 32. Qxd5 Qb8 33. Qd4 Bg7 34. Ne4 Bxa4
35. Nxc5 Bxd1 36. Nd7 Qc7 37. Nxf8 Bxf3 38. Bxf3 Bxe5 39. Ne6 Qc1+ 40. Qd1
Qxd1+ 41. Bxd1 fxe6 42. Kf1 Kf7 43. Ba4 g5 44. Ke2 Ke7 45. Kd3 Kd6 46. Kc4 Bh2
47. f3 Bg1 48. e4 Ke5 49. Kd3 Kf4 50. Ke2 Kg3 51. Bb5 Kxh3 52. Bd7 Kg3 53. Bxe6
Kf4 54. Bf7 a4 55. Be8 a3 56. Bf7 b5 57. Ba2 Bd4 58. e5 Bxe5 59. Bg8 Bg7 60.
Ba2 Bd4 61. Bb3 Be3 62. Ba2 b4 63. Bg8 h5 64. gxh5 g4 65. fxg4 Ke4 0-1

[Event "19. Open de Sants Hostafrancs 2017"]
[Site "Barcelona ESP"]
[Date "2017.08.20"]
[Round "3.6"]
[White "Vidal Zamora, Alex"]
[Black "Moussard, Jules"]
[Result "1/2-1/2"]
[WhiteElo "2365"]
[BlackElo "2571"]
[PlyCount "53"]
[EventDate "2017.08.18"]
[EventType "swiss"]
[EventRounds "10"]
[EventCountry "ESP"]
[SourceTitle "Ajedrez en Madrid"]
[Source "lmi"]
[SourceDate "2017.08.18"]

1. d4 Nf6 2. c4 e6 3. Nc3 Bb4 4. e3 O-O 5. Bd3 d5 6. cxd5 exd5 7. Nge2 Re8 8.
O-O b6 9. f3 c5 10. a3 Bxc3 11. bxc3 Ba6 12. Bxa6 Nxa6 13. Qd3 Nc7 14. Ng3 Qd7
15. e4 cxd4 16. cxd4 Qb5 17. Qxb5 Nxb5 18. e5 Nd7 19. Bb2 g6 20. Rac1 Rac8 21.
Ne2 Nc7 22. Rc6 Nb8 23. Rc2 Ne6 24. Rfc1 Rxc2 25. Rxc2 f6 26. f4 fxe5 27. dxe5
1/2-1/2

[Event "19. Open de Sants Hostafrancs 2017"]
[Site "Barcelona ESP"]
[Date "2017.08.20"]
[Round "3.7"]
[White "Grigoryan, Karen H"]
[Black "Debray, Christopher"]
[Result "1-0"]
[WhiteElo "2570"]
[BlackElo "2358"]
[PlyCount "67"]
[EventDate "2017.08.18"]
[EventType "swiss"]
[EventRounds "10"]
[EventCountry "ESP"]
[SourceTitle "Ajedrez en Madrid"]
[Source "lmi"]
[SourceDate "2017.08.18"]

1. e4 c6 2. d4 d5 3. e5 c5 4. dxc5 e6 5. Qg4 h5 6. Qg3 h4 7. Qg4 Nh6 8. Bxh6
Rxh6 9. Nf3 g6 10. Nc3 Bxc5 11. O-O-O Bd7 12. Qf4 Rh5 13. Bd3 Be7 14. Kb1 a6
15. Rhe1 Qb6 16. Nd4 Ba3 17. Nb3 Be7 18. Be2 Rh8 19. Rxd5 exd5 20. Nxd5 g5 21.
Nxb6 gxf4 22. Nxa8 Bc6 23. Nd4 Bxg2 24. e6 b5 25. Nc7+ Kd8 26. exf7 Kxc7 27.
Bf3 Bxf3 28. Rxe7+ Kd8 29. Re8+ Rxe8 30. fxe8=Q+ Kxe8 31. Nxf3 Kf7 32. Kc1 Kf6
33. Kd2 Kf5 34. h3 1-0

[Event "19. Open de Sants Hostafrancs 2017"]
[Site "Barcelona ESP"]
[Date "2017.08.20"]
[Round "3.8"]
[White "Ortiz Suarez, Isan Reynaldo"]
[Black "Martin, Julian"]
[Result "1/2-1/2"]
[WhiteElo "2556"]
[BlackElo "2353"]
[PlyCount "128"]
[EventDate "2017.08.18"]
[EventType "swiss"]
[EventRounds "10"]
[EventCountry "ESP"]
[SourceTitle "Ajedrez en Madrid"]
[Source "lmi"]
[SourceDate "2017.08.18"]

1. e4 c5 2. Nf3 Nc6 3. Bb5 d6 4. O-O Bd7 5. Re1 a6 6. Bxc6 Bxc6 7. d4 cxd4 8.
Nxd4 e5 9. Nxc6 bxc6 10. c4 Nf6 11. Nc3 Be7 12. Qa4 Qc7 13. Bg5 O-O 14. Rad1 a5
15. Re2 Rab8 16. Qc2 Nh5 17. Bxe7 Qxe7 18. Red2 Rfd8 19. g3 g6 20. Qa4 Qc7 21.
Qa3 Ng7 22. Rxd6 Ne6 23. Rxd8+ Rxd8 24. Rxd8+ Qxd8 25. Kg2 g5 26. Qa4 Qf6 27.
Qd1 Nd4 28. Qg4 Qg6 29. h4 gxh4 30. Qxh4 Ne6 31. Nd1 Ng5 32. f3 h6 33. Nf2 Kg7
34. c5 Ne6 35. Nd3 f6 36. Qh3 Kf7 37. Qf5 Qxf5 38. exf5 Nd4 39. g4 h5 40. b3
hxg4 41. fxg4 Ne2 42. Nb2 Nc1 43. Nc4 Nxa2 44. Nxa5 Nb4 45. Kf3 Ke8 46. Nb7 Ke7
47. Ke4 Kd7 48. g5 fxg5 49. Kxe5 Nd3+ 50. Ke4 Nc1 51. Na5 g4 52. Kf4 Nd3+ 53.
Kxg4 Nxc5 54. Kg5 Kd6 55. Kg6 Nd7 56. f6 Kc5 57. Nc4 Nxf6 58. Kxf6 Kb4 59. Nd2
Kc3 60. Ke5 Kxd2 61. Kd4 Kc2 62. b4 Kb3 63. Kc5 Kc3 64. Kxc6 Kxb4 1/2-1/2

[Event "19. Open de Sants Hostafrancs 2017"]
[Site "Barcelona ESP"]
[Date "2017.08.20"]
[Round "3.9"]
[White "Grafl, Florian"]
[Black "Schroeder, Jan-christian"]
[Result "1-0"]
[WhiteElo "2364"]
[BlackElo "2539"]
[PlyCount "85"]
[EventDate "2017.08.18"]
[EventType "swiss"]
[EventRounds "10"]
[EventCountry "ESP"]
[SourceTitle "Ajedrez en Madrid"]
[Source "lmi"]
[SourceDate "2017.08.18"]

1. Nc3 Nf6 2. d4 d5 3. Bg5 Nbd7 4. f3 c5 5. e4 Qb6 6. Bxf6 Nxf6 7. Bb5+ Bd7 8.
dxc5 Qxc5 9. Bxd7+ Nxd7 10. Qxd5 Qxd5 11. exd5 Nb6 12. O-O-O O-O-O 13. f4 g6
14. Nf3 Bg7 15. Ne5 Rhf8 16. Rhe1 a6 17. Rd3 Rd6 18. g3 e6 19. dxe6 Rxe6 20.
Ne4 f6 21. Nf3 Kc7 22. Rdd1 Rfe8 23. Nc5 Rxe1 24. Rxe1 Rxe1+ 25. Nxe1 Kc6 26.
Ne6 Bh8 27. Nd3 Nc4 28. b3 Ne3 29. c4 f5 30. Nf8 Nf1 31. Nxh7 Bg7 32. Kd1 Nxh2
33. Ke2 Ng4 34. Ng5 Kd6 35. Nf3 Bf6 36. Nh4 Bxh4 37. gxh4 a5 38. Kd2 Kc6 39.
Kc3 b5 40. cxb5+ Kxb5 41. Kd4 Nf6 42. a4+ Kc6 43. Ne5+ 1-0

[Event "19. Open de Sants Hostafrancs 2017"]
[Site "Barcelona ESP"]
[Date "2017.08.20"]
[Round "3.10"]
[White "Novikov, Stanislav"]
[Black "Stephan, Victor"]
[Result "1-0"]
[WhiteElo "2538"]
[BlackElo "2350"]
[PlyCount "101"]
[EventDate "2017.08.18"]
[EventType "swiss"]
[EventRounds "10"]
[EventCountry "ESP"]
[SourceTitle "Ajedrez en Madrid"]
[Source "lmi"]
[SourceDate "2017.08.18"]

1. c4 Nf6 2. Nf3 e6 3. d4 c5 4. d5 d6 5. Nc3 exd5 6. cxd5 g6 7. h3 Bg7 8. e4
O-O 9. Bd3 Nh5 10. O-O Nd7 11. Re1 Ne5 12. Be2 Nxf3+ 13. Bxf3 Qh4 14. Bxh5 gxh5
15. Qf3 f5 16. Qf4 Qxf4 17. Bxf4 fxe4 18. Bxd6 Bxc3 19. bxc3 Rd8 20. Bf4 Rxd5
21. Rxe4 Bf5 22. Re7 b6 23. Rae1 Rd7 24. Rxd7 Bxd7 25. Re7 Bf5 26. Be5 Bg6 27.
f4 Rd8 28. g4 hxg4 29. hxg4 Bf7 30. Rxa7 Rd1+ 31. Kf2 Rd2+ 32. Kg3 Rxa2 33. Rb7
Ra8 34. Kh4 Re8 35. Rxb6 c4 36. Rc6 Re6 37. Rc8+ Re8 38. Rc7 Re6 39. Bd4 Re8
40. Kg5 Ra8 41. f5 Rf8 42. Kf4 Re8 43. Be5 Kf8 44. Ra7 Kg8 45. g5 Kf8 46. Ra6
Kg8 47. Rh6 Rf8 48. Bf6 Be8 49. Be7 Rf7 50. f6 Ba4 51. Rh2 1-0

[Event "19. Open de Sants Hostafrancs 2017"]
[Site "Barcelona ESP"]
[Date "2017.08.20"]
[Round "3.11"]
[White "Blomqvist, Erik"]
[Black "Kleinman, Michael"]
[Result "0-1"]
[WhiteElo "2525"]
[BlackElo "2340"]
[PlyCount "58"]
[EventDate "2017.08.18"]
[EventType "swiss"]
[EventRounds "10"]
[EventCountry "ESP"]
[SourceTitle "Ajedrez en Madrid"]
[Source "lmi"]
[SourceDate "2017.08.18"]

1. e4 c6 2. Nf3 d5 3. Nc3 a6 4. d4 Bg4 5. h3 Bh5 6. Bd3 e6 7. e5 c5 8. g4 Bg6
9. Bxg6 hxg6 10. Ne2 cxd4 11. Nexd4 Nc6 12. c3 Nge7 13. Kf1 Qc7 14. Kg2 Rc8 15.
Be3 Nxd4 16. Bxd4 Nc6 17. Qe2 Nxd4 18. cxd4 Be7 19. Qe3 Qb6 20. Rab1 Rc2 21.
Qd3 Qc7 22. Qe3 Qb6 23. a4 Kd7 24. b3 Rhc8 25. Qf4 Qb4 26. h4 Re2 27. Qxf7 Rf8
28. Qxg6 Rxf2+ 29. Kxf2 Qd2+ 0-1

[Event "19. Open de Sants Hostafrancs 2017"]
[Site "Barcelona ESP"]
[Date "2017.08.20"]
[Round "3.12"]
[White "Plazuelo Pascual, Juan"]
[Black "Vera Siguenas, Deivy"]
[Result "0-1"]
[WhiteElo "2356"]
[BlackElo "2525"]
[PlyCount "80"]
[EventDate "2017.08.18"]
[EventType "swiss"]
[EventRounds "10"]
[EventCountry "ESP"]
[SourceTitle "Ajedrez en Madrid"]
[Source "lmi"]
[SourceDate "2017.08.18"]

1. d4 Nf6 2. c4 e6 3. Nf3 Bb4+ 4. Nbd2 b6 5. e3 Bb7 6. Bd3 O-O 7. O-O d5 8. a3
Be7 9. b4 Nbd7 10. c5 bxc5 11. bxc5 Qc8 12. Rb1 Ba6 13. Qe2 Bxd3 14. Qxd3 c6
15. Bb2 Ne8 16. e4 Nc7 17. Ba1 Rd8 18. Qe2 Re8 19. Rfd1 Rb8 20. Rxb8 Qxb8 21.
Rb1 Qa8 22. Qd1 Rb8 23. Qc2 Rxb1+ 24. Qxb1 Qc8 25. exd5 exd5 26. Ne1 Ne6 27.
Qd3 Bg5 28. Nb3 Nf4 29. Qf5 Bh6 30. g3 g6 31. Qb1 Nh3+ 32. Kg2 Nf6 33. Qd1 Ng4
34. Qf3 Nhxf2 35. Na5 Nd1 36. Kg1 Be3+ 37. Kg2 Bd2 38. Nc2 Bxa5 39. Qxd1 Qf5
40. Qe2 Qxc2 0-1